Charhi jawani budhe nu / (Record no. 45941)

MARC details
000 -LEADER
fixed length control field 01555njm a22003137a 4500
005 - DATE AND TIME OF LATEST TRANSACTION
control field 20100915101217.0
007 - PHYSICAL DESCRIPTION FIXED FIELD--GENERAL INFORMATION
fixed length control field sd ammalaaahaa
008 - FIXED-LENGTH DATA ELEMENTS--GENERAL INFORMATION
fixed length control field 100915t xxu||||| |||| 00| 0 hin d
028 ## - PUBLISHER NUMBER
Publisher number 7EPE 11030
Source His Master's Voice
035 ## - SYSTEM CONTROL NUMBER
System control number GR-02614
040 ## - CATALOGING SOURCE
Original cataloging agency SED/VEN
100 ## - MAIN ENTRY--PERSONAL NAME
Personal name Kalle, Krishna
9 (RLIN) 1184
245 ## - TITLE STATEMENT
Title Charhi jawani budhe nu /
Statement of responsibility, etc by Krishna Kalle ; music by Ravindra Jain ; lyric by S. P. Bakshi
Medium [sound recording] :
246 ## - VARYING FORM OF TITLE
Title proper/short title चढ़ी जवानी बूढ़े नु (कृष्णा काल्ले)
260 ## - PUBLICATION, DISTRIBUTION, ETC. (IMPRINT)
Place of publication, distribution, etc Dum Dum India
Name of publisher, distributor, etc His Master's Voice
Date of publication, distribution, etc 1976
300 ## - PHYSICAL DESCRIPTION
Extent 1 sound disc [Gramophone record] :
Other physical details analog, 45 3/1 rpm
Dimensions 7 in.
Type of unit Gramophone Record
500 ## - GENERAL NOTE
General note Brief Record
500 ## - GENERAL NOTE
General note His Master's Voice
500 ## - GENERAL NOTE
General note Orange
500 ## - GENERAL NOTE
General note Extended Play
505 ## - FORMATTED CONTENTS NOTE
Formatted contents note Budhe nu chrahi jawani part 1 (Charhi jawani budhe nu) (Krishna Kalle) बूढ़े नु चढ़ी जवानी पार्ट १ (चढ़ी जवानी बुढ़व नु ) (कृष्ण काल्ले ) Bahr tusa kanjri rakhi part 2 (Charhi jawani budhe nu) Krishna Kalle) बाहर तुसा कंजरी राखी पार्ट २ (चढ़ी जवानी बूढ़े नु ) (कृष्ण काल्ले )
650 ## - SUBJECT ADDED ENTRY--TOPICAL TERM
Source of heading or term Punjabi Song
General subdivision Excerpts
Geographic subdivision India
9 (RLIN) 20098
700 ## - ADDED ENTRY--PERSONAL NAME
Personal name Jain, Ravindra
9 (RLIN) 20099
700 ## - ADDED ENTRY--PERSONAL NAME
9 (RLIN) 20100
Personal name Bakshi, S. P.
700 ## - ADDED ENTRY--PERSONAL NAME
9 (RLIN) 20126
700 ## - ADDED ENTRY--PERSONAL NAME
9 (RLIN) 20127
942 ## - ADDED ENTRY ELEMENTS (KOHA)
Source of classification or shelving scheme Dewey Decimal Classification
Item type Gramaphone Records
Holdings
Withdrawn status Lost status Source of classification or shelving scheme Damaged status Not for loan Collection code Home library Current library Date acquired Total Checkouts Barcode Date last seen Price effective from Koha item type
    Dewey Decimal Classification   Not For Loan Non-fiction Central Library Central Library 15/09/2010   GR-02614 15/09/2010 15/09/2010 Gramaphone Records

© Delhi Public Library
Hit Counter
free hit counter